[Event "SUI-chT"]
[Site "Switzerland"]
[Date "2011.04.17"]
[Round "3.8"]
[White "Meyer, Harvey"]
[Black "Maeser, Fabian"]
[Result "0-1"]
[WhiteElo "2207"]
[BlackElo "2289"]
[PlyCount "98"]
[EventDate "2011.02.27"]
[EventType "team-tourn"]
[EventRounds "9"]
[EventCountry "SUI"]
[SourceTitle "CBM 141 Extra"]
[Source "ChessBase"]
[SourceDate "2011.05.03"]
[SourceVersion "1"]
[SourceVersionDate "2011.05.03"]
[SourceQuality "1"]
[WhiteTeam "Le Joueur"]
[BlackTeam "Wollishofen"]
[WhiteTeamCountry "SUI"]
[BlackTeamCountry "SUI"]

1. e4 d6 2. d4 Nf6 3. Nc3 e5 4. dxe5 dxe5 5. Qxd8+ Kxd8 6. Bg5 Be6 7. Nd5 Nbd7 8. 0-0-0 Kc8 9. f3 c6 10. Nc3 h6 11. Be3 Bc5 12. Bxc5 Nxc5 13. h4 Kc7 14. g3 g5 15. Bg2 Rag8 16. Nge2 Nh5 17. g4 Nf4 18. Nxf4 gxf4 19. Rdg1 a5 20. a4 f6 21. Bf1 Rg7 22. b3 Rhg8 23. h5 Rb8 24. Be2 Rd7 25. Rd1 Rbd8 26. Rxd7+ Rxd7 27. Rd1 Rxd1+ 28. Kxd1 Kd6 29. Kd2 Nd7 30. Nd1 Nf8 31. Nb2 Nh7 32. Bc4 Ng5 33. Ke2 Bd7 34. Bg8 b5 35. Nd3 Bc8 36. c4 bxa4 37. bxa4 Ke7 38. Nc5 Kf8 39. Bd5 cxd5 40. exd5 Ke7 41. Nb3 Ba6 42. Nxa5 Kd6 43. Kf2 Kc5 44. Nc6 Bxc4 45. Ne7 Bxd5 46. a5 Bxf3 47. Ng8 e4 48. Nxh6 e3+ 49. Ke1 Be4 0-1

[Event "SUI-chT"]
[Site "Switzerland"]
[Date "2010.11.06"]
[Round "8.8"]
[White "Maier, Christian"]
[Black "Meyer, Harvey"]
[Result "1-0"]
[WhiteElo "2361"]
[BlackElo "2204"]
[PlyCount "91"]
[EventDate "2010.02.14"]
[EventType "team-tourn"]
[EventRounds "9"]
[EventCountry "SUI"]
[SourceTitle "EXT 2011"]
[Source "ChessBase"]
[SourceDate "2010.11.26"]
[SourceVersion "1"]
[SourceVersionDate "2010.11.26"]
[SourceQuality "1"]
[WhiteTeam "Reichenstein"]
[BlackTeam "Lausanne"]
[WhiteTeamCountry "SUI"]
[BlackTeamCountry "SUI"]

1. e4 c6 2. Nc3 d5 3. g3 dxe4 4. Nxe4 Nd7 5. Qe2 e6 6. Bg2 Ngf6 7. Nxf6+ Nxf6 8. Nf3 Bd6 9. 0-0 0-0 10. b3 Re8 11. Ne5 Bxe5 12. Qxe5 Ng4 13. Qe2 e5 14. Bb2 Bf5 15. d3 Qa5 16. Rfe1 Bd7 17. a3 Rad8 18. b4 Qb6 19. h3 Nh6 20. g4 c5 21. Qe3 Rc8 22. c4 Bc6 23. Bf1 f5 24. Bxe5 Nf7 25. bxc5 Rxe5 26. cxb6 Rxe3 27. Rxe3 f4 28. Re7 axb6 29. Bg2 f3 30. Bf1 Rd8 31. Kh2 Nh8 32. Kg3 Ng6 33. Re3 Kf7 34. Rae1 Rd4 35. Rb1 Nf4 36. Rxb6 Ne2+ 37. Bxe2 fxe2 38. Rb3 Ba4 39. Rxb7+ Kf6 40. Rxe2 Rxd3+ 41. Re3 Rd1 42. Rf3+ Ke6 43. Rxg7 Bc2 44. Re3+ Kd6 45. c5+ Kc6 46. Re6+ 1-0

[Event "SUI-chT"]
[Site "Switzerland"]
[Date "2010.02.14"]
[Round "1.7"]
[White "Kellenberger, Stephane"]
[Black "Meyer, Harvey"]
[Result "1-0"]
[WhiteElo "2144"]
[BlackElo "2204"]
[PlyCount "70"]
[EventDate "2010.02.14"]
[EventType "team-tourn"]
[EventRounds "9"]
[EventCountry "SUI"]
[SourceTitle "EXT 2011"]
[Source "ChessBase"]
[SourceDate "2010.11.26"]
[SourceVersion "1"]
[SourceVersionDate "2010.11.26"]
[SourceQuality "1"]
[WhiteTeam "Bern"]
[BlackTeam "Lausanne"]
[WhiteTeamCountry "SUI"]
[BlackTeamCountry "SUI"]

1. e4 c6 2. d4 d5 3. e5 Bf5 4. Nc3 e6 5. g4 Bg6 6. Nge2 Be7 7. Be3 Nd7 8. a3 f6 9. f4 fxe5 10. dxe5 Bh4+ 11. Ng3 Ne7 12. Bg2 Qc7 13. 0-0 Bxg3 14. hxg3 Rf8 15. Na4 c5 16. Qe2 a6 17. b3 Rc8 18. c4 d4 19. Bf2 Nc6 20. Be1 Rb8 21. Rc1 b6 22. Nb2 Rc8 23. b4 Ndb8 24. Nd3 Bxd3 25. Qxd3 g6 26. Bd2 Qg7 27. Rce1 Rc7 28. Qb3 h5 29. b5 axb5 30. Qxb5 hxg4 31. Qxb6 Qe7 32. Rb1 Kf7 33. Rb5 Rfc8 34. Qxc5 Qxc5 35. Rxc5 Nd7 1-0

[Event "SUI-chT"]
[Site "Switzerland"]
[Date "2009.10.17"]
[Round "8.7"]
[White "Wirthensohn, Heinz"]
[Black "Meyer, Harvey"]
[Result "1-0"]
[WhiteElo "2396"]
[BlackElo "2222"]
[PlyCount "137"]
[EventDate "2009.02.22"]
[EventType "team-tourn"]
[EventRounds "9"]
[EventCountry "SUI"]
[SourceTitle "EXT 2011"]
[Source "ChessBase"]
[SourceDate "2010.11.26"]
[SourceVersion "1"]
[SourceVersionDate "2010.11.26"]
[SourceQuality "1"]
[WhiteTeam "Reichenstein"]
[BlackTeam "Joueur"]
[WhiteTeamCountry "SUI"]
[BlackTeamCountry "SUI"]

1. c4 e5 2. g3 Nf6 3. Bg2 Bc5 4. Nc3 c6 5. e3 0-0 6. Nge2 d6 7. 0-0 Bf5 8. d4 Bb6 9. h3 Re8 10. b4 Nbd7 11. b5 Rc8 12. bxc6 bxc6 13. Ba3 Nb8 14. Qb3 exd4 15. Nxd4 Bg6 16. Rad1 Qc7 17. Rd2 Nfd7 18. Rfd1 Nc5 19. Bxc5 Bxc5 20. Na4 Bxd4 21. Rxd4 Red8 22. R1d2 Rd7 23. Qd1 Rcd8 24. h4 Bf5 25. Nc3 Na6 26. Qf3 c5 27. Nb5 Qb8 28. Rxd6 Rxd6 29. Rxd6 Rxd6 30. Nxd6 Be6 31. Qc6 Nb4 32. Qxc5 Nxa2 33. Bd5 Bxd5 34. Qxd5 Qf8 35. c5 Nb4 36. Qb7 a5 37. c6 Nxc6 38. Qxc6 Qd8 39. Qd5 Qf8 40. e4 a4 41. e5 h6 42. Qa5 Qe7 43. Qa8+ Kh7 44. Qxa4 Qxe5 45. Qe4+ Qxe4 46. Nxe4 Kg6 47. Kg2 Kf5 48. Nd6+ Ke6 49. Ne4 g6 50. Kf3 f6 51. Kf4 h5 52. Nd2 Ke7 53. Ke4 Ke6 54. Nf3 Kd6 55. Nd4 Ke7 56. Kd5 Kf7 57. Ne6 Ke7 58. Nf4 Kf7 59. Kd6 Kg7 60. Ke7 g5 61. Nxh5+ Kg6 62. Nxf6 gxh4 63. gxh4 Kh6 64. f4 Kg6 65. h5+ Kh6 66. f5 Kg5 67. Kf7 Kh6 68. Kg8 Kg5 69. Kg7 1-0

[Event "Varsity Oxbridge m 121st"]
[Site "London"]
[Date "2003.03.15"]
[Round "?.6"]
[White "Meyer, Harvey"]
[Black "Garner, David"]
[Result "0-1"]
[WhiteElo "2228"]
[BlackElo "2168"]
[PlyCount "132"]
[EventDate "2003.03.15"]
[EventType "team"]
[EventRounds "1"]
[EventCountry "ENG"]
[SourceTitle "CBM 093 Extra"]
[Source "ChessBase"]
[SourceDate "2003.05.09"]
[SourceVersion "1"]
[SourceVersionDate "2003.05.09"]
[SourceQuality "1"]

1. e4 e6 2. d4 d5 3. Nd2 Nf6 4. e5 Nfd7 5. Bd3 c5 6. c3 Nc6 7. Ne2 cxd4 8. cxd4 f6 9. exf6 Nxf6 10. Nf3 Bd6 11. 0-0 Qc7 12. Bg5 0-0 13. Rc1 Bd7 14. Re1 Rae8 15. Bh4 Qb6 16. Nc3 Kh8 17. Na4 Qa5 18. Nc5 Bc8 19. Bg3 Bxg3 20. hxg3 Qxa2 21. Na4 Na5 22. Rc3 b5 23. Ra3 Qxa3 24. bxa3 bxa4 25. Qxa4 Nc4 26. Qxa7 Bd7 27. Bxc4 Ra8 28. Qb7 Rfb8 29. Qc7 Rc8 30. Qd6 dxc4 31. Ne5 Be8 32. Qxe6 c3 33. d5 c2 34. Rc1 Rab8 35. d6 Rc5 36. d7 Bxd7 37. Nxd7 Rb1 38. Nxc5 Rxc1+ 39. Kh2 Rh1+ 40. Kxh1 c1Q+ 41. Kh2 Qxc5 42. f3 Qxa3 43. Qc8+ Ng8 44. g4 Qd6+ 45. g3 Qd2+ 46. Kh3 Qd1 47. g5 Qxf3 48. Kh4 Qe4+ 49. Kh3 Qg6 50. Kh4 h6 51. gxh6 Qxh6+ 52. Kg4 Kh7 53. Kf3 Nf6 54. Kg2 Qg5 55. Qc2+ Kh6 56. Qe2 Nh5 57. Qe6+ g6 58. Qd6 Qxg3+ 59. Qxg3 Nxg3 60. Kxg3 Kg5 61. Kf3 Kh4 62. Kg2 Kg4 63. Kf2 Kh3 64. Kf3 g5 65. Kf2 g4 66. Kg1 Kg3 0-1

[Event "Oxford University op 2nd"]
[Site "Oxford"]
[Date "2002.04.28"]
[Round "4"]
[White "Meyer, Harvey"]
[Black "Eklund, Joel"]
[Result "1-0"]
[WhiteElo "2228"]
[BlackElo "2067"]
[PlyCount "67"]
[EventDate "2002.04.27"]
[EventType "swiss"]
[EventRounds "5"]
[EventCountry "ENG"]
[SourceTitle "CBM 088 Extra"]
[Source "ChessBase"]
[SourceDate "2002.07.01"]
[SourceVersion "2"]
[SourceVersionDate "2002.07.01"]
[SourceQuality "1"]

1. c4 Nf6 2. Nc3 c5 3. Nf3 e6 4. d4 cxd4 5. Nxd4 b6 6. e4 d6 7. Be3 Bb7 8. f3 Be7 9. Be2 0-0 10. 0-0 a6 11. Qd2 Qc7 12. Rac1 Nbd7 13. Rfd1 Rac8 14. Bf1 Rfe8 15. Bf2 Ne5 16. Na4 Nfd7 17. b4 Red8 18. Qe3 Rb8 19. h3 Ng6 20. Bg3 Re8 21. c5 e5 22. cxb6 Qd8 23. Nc6 Bg5 24. Qb3 Bxc6 25. Rxc6 Be7 26. Bf2 Bf8 27. Bc4 Qf6 28. Rc7 Red8 29. Nc3 Nf4 30. Nd5 Nxd5 31. Bxd5 Kh8 32. b7 g6 33. Ba7 Bh6 34. Rxd7 1-0

[Event "SUI-chT"]
[Site "Switzerland"]
[Date "2000.??.??"]
[Round "?"]
[White "Meyer, Harvey"]
[Black "Weindl, Alfred"]
[Result "0-1"]
[WhiteElo "2202"]
[BlackElo "2367"]
[PlyCount "112"]
[EventDate "2000.02.??"]
[EventType "team-tourn"]
[EventRounds "9"]
[EventCountry "SUI"]
[SourceTitle "EXT 2001"]
[Source "ChessBase"]
[SourceDate "2000.11.22"]
[SourceVersion "1"]
[SourceVersionDate "2000.11.22"]
[SourceQuality "1"]

1. e4 c5 2. Nf3 Nc6 3. Bb5 Nf6 4. Nc3 g6 5. 0-0 Bg7 6. Re1 0-0 7. e5 Ne8 8. d3 Nc7 9. Bc4 Ne6 10. Re4 b6 11. Rh4 Bb7 12. Bh6 Nxe5 13. Nxe5 Bxe5 14. Bxf8 Nxf8 15. Qe2 Bf6 16. Rh3 d5 17. Bb3 Ne6 18. Qd2 Bg5 19. Qe1 Qd6 20. a4 a6 21. Ne2 c4 22. Ba2 Qc6 23. Qf1 b5 24. d4 b4 25. Rd1 Qxa4 26. Bb1 Qa1 27. f4 Bf6 28. c3 Qxb2 29. f5 Ng5 30. Rg3 bxc3 31. h4 Ne4 32. Bxe4 dxe4 33. Rb1 Rb8 34. Rxb2 cxb2 35. fxg6 hxg6 36. Qb1 Bc8 37. Nc3 Bxd4+ 38. Kf1 Bf5 39. Nd5 Kf8 40. Ne3 Be5 41. Rg5 c3 42. Ke2 Bf4 43. Rxf5 gxf5 44. Nc2 Rd8 45. Ne1 Rd2+ 46. Kf1 Bg3 47. Nc2 Bxh4 48. Ne3 Rf2+ 49. Kg1 Re2 50. Nc2 Bg3 51. Kf1 Rf2+ 52. Kg1 Rd2 53. Kf1 f4 54. Nb4 f3 55. gxf3 exf3 56. Nc2 Rh2 0-1

[Event "Lenk op"]
[Site "Lenk"]
[Date "1999.??.??"]
[Round "3"]
[White "Foisor, Ovidiu Doru"]
[Black "Meyer, Harvey"]
[Result "1-0"]
[WhiteElo "2491"]
[BlackElo "2139"]
[PlyCount "81"]
[EventDate "1999.03.31"]
[EventType "swiss"]
[EventRounds "9"]
[EventCountry "SUI"]
[SourceTitle "EXT 2000"]
[Source "ChessBase"]
[SourceDate "1999.11.16"]
[SourceVersion "1"]
[SourceVersionDate "1999.11.16"]
[SourceQuality "1"]

1. c4 e5 2. g3 Nf6 3. Bg2 c6 4. d4 exd4 5. Qxd4 d5 6. Nf3 Be7 7. cxd5 cxd5 8. Be3 0-0 9. 0-0 Ne4 10. Qa4 Nc6 11. Rd1 Be6 12. Nd4 Nc5 13. Qc2 Nxd4 14. Bxd4 Rc8 15. Nc3 Nd7 16. Qb3 Nc5 17. Bxc5 Bxc5 18. Bxd5 Bxd5 19. Rxd5 Qe7 20. Rad1 Rfe8 21. R1d3 Rc7 22. Qa4 Kf8 23. Qf4 a6 24. e3 h6 25. Rf5 Ba7 26. Kg2 Rd7 27. Rxf7+ Qxf7 28. Rxd7 Qxf4 29. gxf4 Re7 30. Rxe7 Kxe7 31. Kf3 Kd6 32. Ke4 Ke6 33. f5+ Kf7 34. Nd5 Bb8 35. h4 g6 36. Nf4 g5 37. hxg5 hxg5 38. Nd3 Bd6 39. Ne5+ Kf6 40. Ng4+ Kf7 41. Kd5 1-0

[Event "Lenk op"]
[Site "Lenk"]
[Date "1999.??.??"]
[Round "2"]
[White "Meyer, Harvey"]
[Black "Foisor, Cristina Adela B"]
[Result "1/2-1/2"]
[WhiteElo "2139"]
[BlackElo "2370"]
[PlyCount "103"]
[EventDate "1999.03.31"]
[EventType "swiss"]
[EventRounds "9"]
[EventCountry "SUI"]
[SourceTitle "EXT 2000"]
[Source "ChessBase"]
[SourceDate "1999.11.16"]
[SourceVersion "1"]
[SourceVersionDate "1999.11.16"]
[SourceQuality "1"]

1. e4 d6 2. d4 Nf6 3. Nc3 g6 4. Nf3 Bg7 5. Be2 0-0 6. 0-0 c6 7. h3 b5 8. e5 Ne8 9. Bf4 d5 10. Qd2 Nc7 11. Bh6 Ne6 12. Nd1 Nd7 13. a4 bxa4 14. Bxg7 Kxg7 15. Ne3 f5 16. exf6+ Nxf6 17. Ne5 Qd6 18. N3g4 Nxg4 19. Bxg4 Nf4 20. Bxc8 Raxc8 21. Rxa4 Rc7 22. Rfa1 Qf6 23. Qe3 h5 24. Kh2 Ra8 25. Ra6 g5 26. b4 Ng6 27. b5 Nxe5 28. dxe5 Qf4+ 29. Qxf4 gxf4 30. b6 Rb7 31. bxa7 c5 32. R1a4 Rc7 33. c3 c4 34. R6a5 Rd7 35. e6 Rdd8 36. Rb5 Kf6 37. Rb7 Rd6 38. Ra5 Rdd8 39. Ra6 Rdc8 40. Rd7 Rc5 41. Kg1 Rb5 42. Kf1 Rb1+ 43. Ke2 Rb2+ 44. Kf3 Rb3 45. Kxf4 Rxc3 46. Rxd5 h4 47. Rf5+ Kg6 48. Rf7 Rc2 49. Rxe7 Rxf2+ 50. Ke3 Rxg2 51. Kd4 Rd2+ 52. Kc3 1/2-1/2

[Event "Sas van Gent ECI op U20"]
[Site "Sas van Gent"]
[Date "1996.??.??"]
[Round "5"]
[White "Bonstingl, Georg"]
[Black "Meyer, Harvey"]
[Result "1/2-1/2"]
[WhiteElo "2195"]
[BlackElo "2200"]
[PlyCount "94"]
[EventDate "1996.??.??"]
[EventType "swiss"]
[EventRounds "9"]
[EventCountry "NED"]
[SourceTitle "EXT 1998"]
[Source "ChessBase"]
[SourceDate "1997.11.17"]
[SourceVersion "1"]
[SourceVersionDate "1997.11.17"]
[SourceQuality "1"]

1. Nf3 c5 2. g3 Nc6 3. Bg2 g6 4. 0-0 Bg7 5. d3 e6 6. e4 Nge7 7. Nbd2 0-0 8. Re1 d6 9. a4 b6 10. Nb3 Bb7 11. c3 Rc8 12. Nbd2 Qc7 13. Nc4 Rfd8 14. Na3 d5 15. e5 Nxe5 16. Nxe5 Bxe5 17. Nb5 Qb8 18. Nxa7 Qxa7 19. Rxe5 d4 20. Bxb7 Qxb7 21. c4 Nc6 22. Re4 Re8 23. Qe1 e5 24. Bd2 f5 25. Re2 e4 26. Bf4 g5 27. dxe4 gxf4 28. exf5 Qf7 29. Re4 fxg3 30. hxg3 Re7 31. Qe2 Rce8 32. Qg4+ Kh8 33. Rae1 Rxe4 34. Rxe4 Ne5 35. Qf4 Nxc4 36. Rxe8+ Qxe8 37. f6 Qf7 38. Qb8+ Qg8 39. Qf4 Qf8 40. f7 Kg7 41. Qg5+ Kxf7 42. Qd5+ Kg7 43. Qxc4 Qd6 44. Qd3 Qe6 45. Kf1 Qh3+ 46. Ke2 Qe6+ 47. Kf1 Qh3+ 1/2-1/2

[Event "Sas van Gent ECI op U20"]
[Site "Sas van Gent"]
[Date "1996.??.??"]
[Round "7"]
[White "Dantas, Carlos"]
[Black "Meyer, Harvey"]
[Result "1-0"]
[WhiteElo "2155"]
[BlackElo "2200"]
[PlyCount "137"]
[EventDate "1996.??.??"]
[EventType "swiss"]
[EventRounds "9"]
[EventCountry "NED"]
[SourceTitle "EXT 1998"]
[Source "ChessBase"]
[SourceDate "1997.11.17"]
[SourceVersion "1"]
[SourceVersionDate "1997.11.17"]
[SourceQuality "1"]

1. e4 c5 2. Nc3 Nc6 3. f4 g6 4. Nf3 Bg7 5. Bc4 e6 6. d3 Nge7 7. 0-0 0-0 8. Qe1 a6 9. a3 Nd4 10. Nxd4 cxd4 11. Nd1 d5 12. Bb3 dxe4 13. Qxe4 Qc7 14. Bd2 b6 15. Nf2 Bb7 16. Qe2 Bd5 17. Bb4 Rfc8 18. Bxe7 Bxb3 19. cxb3 Qxe7 20. Rac1 Rc7 21. Rc4 b5 22. Rxc7 Qxc7 23. Ne4 Rc8 24. g3 h6 25. b4 a5 26. bxa5 Qxa5 27. Qd1 Bf8 28. Qb3 Kg7 29. Rd1 Be7 30. Rf1 Rc6 31. Qd1 Qc7 32. Qb3 Qb6 33. Nd2 Qc5 34. Ne4 Qh5 35. Qd1 Qd5 36. Nd2 Qa2 37. Qb3 Qxb3 38. Nxb3 Bf6 39. Rc1 Rxc1+ 40. Nxc1 g5 41. Kf2 gxf4 42. gxf4 Kg6 43. Kf3 e5 44. Ne2 Kf5 45. Ng3+ Ke6 46. f5+ Kd5 47. b3 Be7 48. a4 bxa4 49. bxa4 Kc5 50. f6 Bd8 51. Kg4 Kb4 52. Ne4 Kxa4 53. Kf5 Bc7 54. Nc5+ Kb5 55. Nd7 Kb4 56. Nxe5 Bxe5 57. Kxe5 Kc5 58. h3 h5 59. h4 Kc6 60. Kxd4 Kd6 61. Ke4 Ke6 62. Kf3 Kxf6 63. Kf4 Ke6 64. Kg5 Ke5 65. Kxh5 f5 66. Kg5 f4 67. Kg4 Kd4 68. Kxf4 Kxd3 69. h5 1-0

[Event "Sas van Gent ECI op U20"]
[Site "Sas van Gent"]
[Date "1996.??.??"]
[Round "1"]
[White "Solleveld, Maarten"]
[Black "Meyer, Harvey"]
[Result "1-0"]
[WhiteElo "2080"]
[BlackElo "2200"]
[PlyCount "135"]
[EventDate "1996.??.??"]
[EventType "swiss"]
[EventRounds "9"]
[EventCountry "NED"]
[SourceTitle "EXT 1998"]
[Source "ChessBase"]
[SourceDate "1997.11.17"]
[SourceVersion "1"]
[SourceVersionDate "1997.11.17"]
[SourceQuality "1"]

1. e4 c5 2. Nf3 e6 3. d4 cxd4 4. Nxd4 a6 5. Bd3 Nf6 6. 0-0 d6 7. c4 b6 8. Nc3 Bb7 9. Qe2 Nc6 10. Nxc6 Bxc6 11. b3 Be7 12. Bb2 0-0 13. f4 Nd7 14. Rad1 Qc7 15. Bb1 Rad8 16. Nd5 exd5 17. exd5 Bf6 18. dxc6 Qxc6 19. Qd3 g6 20. Bxf6 Nxf6 21. Qd4 d5 22. Rc1 dxc4 23. Qxc4 Qxc4 24. Rxc4 Rfe8 25. h3 Kg7 26. Rc2 a5 27. Rb2 Rd4 28. a3 Nd5 29. g3 h5 30. h4 Re3 31. Kf2 Rc3 32. Re1 Nxf4 33. gxf4 Rxf4+ 34. Ke2 Rxh4 35. Kd2 Rg3 36. Bd3 Rh2+ 37. Re2 Rh1 38. b4 Rhh3 39. Bc4 Rxa3 40. bxa5 bxa5 41. Rb7 Rhf3 42. Ree7 Rf2+ 43. Ke1 Raf3 44. Ra7 h4 45. Re4 Rf4 46. Bd5 g5 47. Rxa5 Kg6 48. Ra8 Kh5 49. Rf8 f5 50. Re3 Kg4 51. Bc4 Kh5 52. Rh8+ Kg4 53. Be2+ Rxe2+ 54. Kxe2 Ra4 55. Kf2 Ra2+ 56. Kg1 f4 57. Rb3 f3 58. Rf8 Rg2+ 59. Kh1 Rg3 60. Kh2 Rg2+ 61. Kh1 Rg3 62. Ra3 Rh3+ 63. Kg1 Rg3+ 64. Kf1 h3 65. Ra4+ Kh5 66. Kf2 Rg4 67. Rh8+ Kg6 68. Rxg4 1-0